| 000 | 01402cam a2200337 i 4500 | ||
|---|---|---|---|
| 001 | 1390 | ||
| 005 | 20250530144431.0 | ||
| 020 | _a9781467763608 (lb : alk. paper) | ||
| 020 | _a9781467776431 (pb : alk. paper) | ||
| 020 | _a9780545940160 | ||
| 020 | _z9781467772273 (eb pdf) | ||
| 040 |
_aDLC _beng _cDLC _erda _dDLC |
||
| 050 | 0 | 0 |
_aQL122.2 _b.R35 2015 |
| 082 | 0 | 0 |
_a591.77 _223 |
| 100 | 1 | _aRake, Matthew. | |
| 245 | 1 | 0 |
_aCreatures of the deep / _cby Matthew Rake ; illustrated by Simon Mendez. |
| 260 |
_aMinneapolis : _bScholastic, _c2016 |
||
| 300 |
_a32 pages : _bcolor illustrations ; _c24 cm. |
||
| 490 | 0 | _aReal-life monsters | |
| 500 | _aIncludes index. | ||
| 505 | _aU | ||
| 520 | _aLook closely at the ten most amazing insects and spiders that buzz, dart, and hang out all over the world. Beware of those bites and stings as you encounter: ● a hornet that will chase humans ● a louse that lives on a fish's tongue ● a centipede that will fight snakes Come face to face with these extreme animals and learn their secrets! | ||
| 521 |
_a950
_bLexile IG |
||
| 521 |
_aU
_bRaz-Plus |
||
| 650 | 0 |
_aMarine animals _vJuvenile literature. |
|
| 650 | 0 |
_aAquatic animals _vJuvenile literature. |
|
| 650 | 0 |
_aDangerous marine animals _vJuvenile literature. |
|
| 700 | 1 |
_aMendez, Simon, _eillustrator. |
|
| 906 |
_a7 _bcbc _corignew _d1 _eecip _f20 _gy-gencatlg |
||
| 942 |
_2ddc _cBK _n0 |
||
| 999 |
_c1390 _d1390 |
||